000
00268 a2200109 4500
999
_c
13251
_d
13251
008
250417b ||||| |||| 00| 0 eng d
020
_a
9780500296875
100
_a
WILHIDE ELIZABETH
245
_a
Design The Whole Story
260
_b
THAMES HUDSON
_c
2022
942
_2
ddc